000 00954nam a2200265 a 4500
001 000019776
005 20200929170133.0
008 100706s1987 sp r 000 0 spa d
020 _a8476270186
040 _aDO-SdBNP
_bspa
_cBNPHU
082 _a154
_bW132g
100 1 _aWagner McClain, Florence
_942249
240 1 0 _aA practical guide to past life regression
245 1 0 _aGuía práctica de la regresión a vidas pasadas /
_cFlorence Wagner McClain ; traducción Alicia González.
260 _aMadrid :
_bLuis Cármaco editor,
_c1987.
300 _a175 p. ;
_c21 cm.
490 1 _aSerie llewellyn nueva era
500 _aIncluye referencias bibliográficas y notas al pie de las páginas.
534 _aA practical guide to past life regression
650 4 _aAnálisis de regresión
_942250
650 4 _aSubconsciencia
_940851
700 1 _aGonzález, Alicia,
_etr.
_942251
830 0 _aSerie llewellyn nueva era
_942252
049 _aBNGR
999 _c19290
_d19290